Most streamed songs in the 80s - Statistics

General Stats
  • This quiz has been taken 81 times
  • The average score is 14 of 20
Answer Stats
Year Artist Streams Answer % Correct
1982 Toto 2.364.871.484 Africa
96%
1985 a-ha 2.542.278.843 Take On Me
94%
1983 The Police 3.015.492.950 Every Breath You Take
93%
1982 Michael Jackson 2.392.386.904 Billie Jean
83%
1981 Journey 2.633.273.328 Don't Stop Believin'
79%
1986 Bon Jovi 2.073.536.187 Livin' On A Prayer
78%
1981 Queen & David Bowie 2.017.714.646 Under Pressure
78%
1982 Survivor 1.667.565.289 Eye Of The Tiger
75%
1985 Tears For Fears 2.284.765.917 Everybody Wants To Rule The World
74%
1987 Guns N' Roses 2.477.972.031 Sweet Child O' Mine
72%
1983 Eurythmics 1.810.494.773 Sweet Dreams (Are Made of This)
65%
1984 Wham! 1.931.848.283 Last Christmas
63%
1980 AC/DC 2.008.122.321 Back In Black
61%
1982 Michael Jackson 1.538.234.714 Beat It
60%
1984 Bryan Adams 1.555.623.867 Summer Of '69
60%
1987 Guns N' Roses 1.540.663.972 Welcome To The Jungle
57%
1983 Cyndi Lauper 1.545.110.860 Girls Just Want To Have Fun
51%
1980 Queen 2.294.699.303 Another One Bites The Dust
49%
1987 Whitney Houston 1.555.389.229 I Wanna Dance With Somebody (Who Loves Me)
44%
1980 AC/DC 1.558.217.197 You Shook Me All Night Long
31%
No matching quizzes found
Score Distribution
Percent of People with Each Score
Percentile by Number Answered
Your Score History
You have not taken this quiz